000 01857nam0a2200337 4500
001 RU\NLR\BIBL_A\022287720
005 20260420013019.0
010 _a978-5-7882-3066-5
_9100
021 _aRU
_bКН-П-24-034839
_9КН-П-24-3515
035 _a(NLR Aleph) 022287720
090 _a13661966
_c13661966
100 _a20240801d2021 u y0rusy50 ca
101 0 _arus
102 _aRU
105 _aa j 000yy
181 0 _ai3
_baxxe
182 0 _an
200 1 _aЭкономический анализ и управление производством (предприятием)
_eучебное пособие
_fМ. В. Райская
_gМинистерство науки и высшего образования Российской Федерации, Казанский национальный исследовательский технологический университет
203 _aТекст
_bвизуальный
_cнепосредственный
210 _aКазань
_cИзд-во КНИТУ
_d2021
215 _a163 с.
_cил., цв. ил., табл.
_d20
320 _aБиблиогр.: с. 160-163 (49 назв.) и в подстроч. примеч.
606 1 _aПромышленные предприятия
_jУчебные издания для высших учебных заведений
_xЭкономический анализ
_92330047
_3RU\NLR\AUTH\661393422
606 1 _aПромышленные предприятия
_jУчебные издания для высших учебных заведений
_xУправление
_91545107
_3RU\NLR\AUTH\66674279
686 1 _aУ30(0)1-24я73
686 1 _aУ30(0)1-21я73
700 1 _aРайская
_bМ. В.
_gМарина Вадимовна
942 _cBOOK
980 _aNB